000
00280nam a2200109Ia 4500
008
200302s9999 xx 000 0 und d
100
_a
william I. R. Curtis
245
_a
Modern Architecture Sicnce 1900 3rd ed.,
260
_b
Phaidon Press Ltd.
260
_c
1996
300
_a
736 P.,
999
_c
3111
_d
3111